书目信息 |
| 题名: |
家庭烹饪营养
|
|
| 作者: | 张爱珍 主编 | |
| 分册: | ||
| 出版信息: | 北京 人民卫生出版社 2006 |
|
| 页数: | 185页 | |
| 开本: | 21cm | |
| 丛书名: | ||
| 单 册: | ||
| 中图分类: | R154 | |
| 科图分类: | ||
| 主题词: | 烹饪--营养学 , 烹饪 , 营养学 | |
| 电子资源: | ||
| ISBN: | 7-117-07459-0 | |
| 000 | 00782nam0 2200241 450 | |
| 001 | 1572974021 | |
| 005 | 20150129201657.74 | |
| 010 | @a7-117-07459-0@dCNY14.00 | |
| 100 | @a20060104d2006 em y0chiy50 ea | |
| 101 | 0 | @achi |
| 102 | @aCN@b110000 | |
| 105 | @aa z 000yy | |
| 200 | 1 | @a家庭烹饪营养@9jia ting peng ren ying yang@f张爱珍主编 |
| 210 | @a北京@c人民卫生出版社@d2006 | |
| 215 | @a185页@c图@d21cm | |
| 330 | @a本书包括烹饪营养知识、烹饪原料及其营养、合理烹饪、食谱与营养、家庭烹饪的卫生、家庭不同人群的营养与烹饪、家庭常见病的营养与烹饪及家庭营养食谱共8部分。 | |
| 606 | 0 | @a烹饪@x营养学 |
| 606 | 0 | @a烹饪 |
| 606 | 0 | @a营养学 |
| 690 | @aR154@v5 | |
| 701 | 0 | @a张爱珍@9zhang ai zhen@c(主任医师)@4主编 |
| 801 | 0 | @aCN@bTSSF@c20150129 |
| 905 | @aZUCC@dR154@eJY263 | |
| 家庭烹饪营养/张爱珍主编.-北京:人民卫生出版社,2006 |
| 185页:图;21cm |
| ISBN 7-117-07459-0:CNY14.00 |
| 本书包括烹饪营养知识、烹饪原料及其营养、合理烹饪、食谱与营养、家庭烹饪的卫生、家庭不同人群的营养与烹饪、家庭常见病的营养与烹饪及家庭营养食谱共8部分。 |
| ● |
| 相关链接 |
|
|
|
|
正题名:家庭烹饪营养
索取号:R154/JY263
 
预约/预借
| 序号 | 登录号 | 条形码 | 馆藏地/架位号 | 状态 | 备注 |
| 1 | 7863124 | 278631241 | 学院路分馆/ [索取号:R154/JY263] | 在馆 | |
| 2 | 7863125 | 278631250 | 学院路分馆/ [索取号:R154/JY263] | 在馆 | |
| 3 | 7863126 | 278631269 | 学院路分馆/ [索取号:R154/JY263] | 在馆 | |
| 4 | 7863127 | 278631278 | 学院路分馆/ [索取号:R154/JY263] | 在馆 |